000 01476 a2200325 4500
999 _c11121
_d11121
020 _a019514502X (cloth : alk. paper)
050 0 0 _aRB155.5
_bEPS 2004
245 0 0 _aInborn errors of development :
_bthe molecular basis of clinical disorders of morphogenesis /
_cedited by Charles J. Epstein, Robert P. Erickson, Anthony Wynshaw-Boris.
264 _aOxford :
_bOxford University Press,
_c2004
300 _axxiv, 1082 p. :
_billustrations(some coloured)
336 _2rdacotent
_atext
_btxt
337 _2rdamedia
_aunmediated
_bn
338 _2rdacarrier
_avolume
_bnc
440 0 _aOxford monographs on medical genetics ;
504 _aIncludes bibliographical references and index.
650 0 _aGenetic disorders.
650 0 _aDevelopmental disabilities
_xGenetic aspects.
650 0 _aGenetic disorders in children.
650 0 _aDevelopmental genetics.
650 1 2 _aAbnormalities
_xgenetics.
650 1 2 _aGenetic Diseases, Inborn
_xgenetics.
650 2 2 _aHuman Development.
700 1 _aEpstein, Charles J.
700 1 _aErickson, Robert P.,
_d1939-
700 1 _aWynshaw-Boris, Anthony Joseph.
856 4 2 _3Publisher description
_uhttp://www.loc.gov/catdir/enhancements/fy0614/2003048693-d.html
856 4 1 _3Table of contents only
_uhttp://www.loc.gov/catdir/enhancements/fy0614/2003048693-t.html
942 _2lcc
_cBK
_h155.5
_iEPS
_kRB